000 01226nab a22002657a 4500
999 _c5913
_d5913
003 OSt
005 20260110022322.0
008 190605e xxu||||| |||| 00| 0 spa d
040 _cPJ
100 _96777
_aCáceres Falkiewicz, Marcos M.
245 1 0 _aLineamientos para un correcto cálculo de intereses en materia de ley de riesgos de trabajo /
_cMarcos M. Cáceres Falkiewicz, Gustavo D. Lerussi.
260 _aCiudad Autónoma de Buenos Aires :
_bThomson Reuters La Ley,
_c2023.
300 _ap. 187-192
500 _aCita: TR LALEY AR/DOC/2534/2023.
505 _aSumario: I. Introducción.— II. Antecedentes.— III. La reciente res. SSN 332/2023.— IV. Conclusión.
505 _t¿Te interesa el texto completo? Solicitalo al correo: koha@justierradelfuego.gov.ar
650 0 _91316
_aDERECHO LABORAL
650 0 _94942
_aCOMISIONES MÉDICAS
650 0 _91430
_aRIESGOS DEL TRABAJO
650 0 _95144
_aASEGURADOR POR RIESGOS DEL TRABAJO
650 0 _91406
_aINCAPACIDAD LABORAL
700 _96446
_aLerussi, Gustavo D.
_ecoautor
773 0 _02711
_93168
_dCiudad Autónoma de Buenos Aires : Thomson Reuters La Ley, 1999-2002.
_tRevista de derecho del trabajo. Nº 6 - Noviembre 2023
942 _2udc
_cANA